ბათუმის შოთა რუსთაველის სახელმწიფო უნივერსიტეტის ბიბლიოთეკა

Правила технической эксплуатации магистральных нефтепродуктопроводов. (ბიბ.ჩანაწერი № 47171)

000 -LEADER
fixed length control field 00619nam a2200181Ia 4500
001 - CONTROL NUMBER
control field 14029
003 - CONTROL NUMBER IDENTIFIER
control field GE_BSU
008 - FIXED-LENGTH DATA ELEMENTS--GENERAL INFORMATION
fixed length control field 181216s||||||||xx |||||||||||||| ||und||
040 ## - CATALOGING SOURCE
Transcribing agency GE_BSU
080 ## - UNIVERSAL DECIMAL CLASSIFICATION NUMBER
Universal Decimal Classification number 622.692.4
245 ## - TITLE STATEMENT
Title Правила технической эксплуатации магистральных нефтепродуктопроводов.
260 ## - PUBLICATION, DISTRIBUTION, ETC.
Place of publication, distribution, etc. М.
260 ## - PUBLICATION, DISTRIBUTION, ETC.
Name of publisher, distributor, etc. Недра.
260 ## - PUBLICATION, DISTRIBUTION, ETC.
Date of publication, distribution, etc. 1988.
300 ## - PHYSICAL DESCRIPTION
Extent 87 стр. 20 см.
653 ## - INDEX TERM--UNCONTROLLED
Uncontrolled term Правила технической эксплуатации магистральных нефтепродуктопроводов.
942 ## - ADDED ENTRY ELEMENTS (KOHA)
Koha item type წიგნი
ეგზემპლარები
Withdrawn status Lost status Damaged status Not for loan Date acquired Barcode Date last seen Price effective from Koha item type
        2018-12-17 10194 2018-12-17 2018-12-17 წიგნი